000 00455nam a2200169 a 4500
001 2297
003 CO-ViMGA
008 141112s2004 ck r 000 u spa d
040 _aCO-ViMGA
_bspa
_cCO-ViMGA
082 0 4 _aCADp
100 1 _aCadman, Eileen
_951090
245 1 0 _aEl principe pinchón /
_cCadman Eilleen , Bell Jennifer
260 _aBarcelona :
_bEl arca,
_c1993
300 _a28 p : il
650 1 4 _aCUENTOS INFANTILES
_92743
942 _2ddc
_cBK
999 _c14399
_d14399